[Event "SVK-chT 0001"]
[Site "Slovakia"]
[Date "2001.02.11"]
[Round "9"]
[White "Cervenka, Imrich"]
[Black "Petran, Peter"]
[Result "0-1"]
[WhiteElo "2208"]
[BlackElo "2336"]
[PlyCount "64"]
[EventDate "2000.10.21"]
[EventType "team"]
[EventRounds "11"]
[EventCountry "SVK"]
[SourceTitle "EXT 2002"]
[Source "ChessBase"]
[SourceDate "2001.11.25"]
[SourceVersion "1"]
[SourceVersionDate "2001.11.25"]
[SourceQuality "1"]

1. d4 g6 2. g3 Bg7 3. Bg2 f5 4. Nf3 d6 5. c3 Nc6 6. d5 Ne5 7. Nd4 Nf6 8. 0-0 0-0 9. Qb3 Kh8 10. Nd2 a6 11. N2f3 Ne4 12. Nxe5 Bxe5 13. Qc2 Bxd4 14. cxd4 Nf6 15. Bh6 Rf7 16. Rac1 Ne8 17. a3 b6 18. h4 Bb7 19. Bg5 Rc8 20. Qc3 Nf6 21. Bxf6+ exf6 22. Qb3 Re7 23. e3 Qg8 24. Rc3 Rf8 25. Rfc1 Rff7 26. Qd1 g5 27. hxg5 fxg5 28. Qd3 g4 29. Kf1 Qg5 30. Qd2 h5 31. Ke2 f4 32. gxf4 Qxf4 0-1

[Event "SVK-chT3B 9900"]
[Site "Slovakia"]
[Date "2000.??.??"]
[Round "?"]
[White "Cervenka, Imrich"]
[Black "Bombek, Peter"]
[Result "1/2-1/2"]
[WhiteElo "2210"]
[BlackElo "2279"]
[PlyCount "116"]
[EventDate "1999.??.??"]
[EventType "team"]
[EventRounds "11"]
[EventCountry "SVK"]
[SourceTitle "EXT 2001"]
[Source "ChessBase"]
[SourceDate "2000.11.22"]
[SourceVersion "1"]
[SourceVersionDate "2000.11.22"]
[SourceQuality "1"]

1. d4 d5 2. c4 c6 3. cxd5 cxd5 4. Nc3 Nf6 5. Nf3 Qb6 6. e3 Bf5 7. Bd3 Bxd3 8. Qxd3 Nc6 9. 0-0 e6 10. e4 Nb4 11. Qe2 dxe4 12. Nxe4 Be7 13. Bg5 Nbd5 14. Nxf6+ Bxf6 15. Bxf6 Nxf6 16. Rac1 0-0 17. Rc5 Rad8 18. Rfc1 Rd7 19. h3 h6 20. Rc8 Rfd8 21. Rxd8+ Rxd8 22. Qc2 Nd5 23. a3 Ne7 24. b4 Nf5 25. Qc7 Nxd4 26. Nxd4 Rxd4 27. Qxb6 axb6 28. Rc8+ Kh7 29. Rc7 Kg6 30. Rxb7 Rd3 31. Rxb6 Rxa3 32. Rb7 Ra2 33. g4 Rb2 34. Kg2 f5 35. Kg3 Kf6 36. f3 g5 37. gxf5 exf5 38. h4 f4+ 39. Kh3 Rf2 40. Rb6+ Kf5 41. Rxh6 Rxf3+ 42. Kg2 Rg3+ 43. Kf2 g4 44. Rh5+ Ke4 45. Rg5 Rf3+ 46. Kg2 Rh3 47. Kf2 Rb3 48. Rxg4 Rxb4 49. Rg2 Rb2+ 50. Kg1 Rb1+ 51. Kf2 Rh1 52. Rg4 Rh2+ 53. Kg1 Rc2 54. Rg2 Rc1+ 55. Kf2 Rh1 56. Rg4 Rh2+ 57. Kg1 Re2 58. Kf1 Rh2 1/2-1/2

[Event "SVK-chT1W 9798"]
[Site "Slovakia"]
[Date "1998.??.??"]
[Round "?"]
[White "Martiska, Peter"]
[Black "Cervenka, Imrich"]
[Result "1-0"]
[WhiteElo "2325"]
[BlackElo "2270"]
[PlyCount "66"]
[EventDate "1997.??.??"]
[EventType "team"]
[EventRounds "11"]
[EventCountry "SVK"]
[SourceTitle "EXT 1999"]
[Source "ChessBase"]
[SourceDate "1998.11.16"]
[SourceVersion "1"]
[SourceVersionDate "1998.11.16"]
[SourceQuality "1"]

1. e4 c6 2. d4 d5 3. Nc3 dxe4 4. Nxe4 Nd7 5. Bc4 Ngf6 6. Ng5 e6 7. N1f3 h6 8. Nh3 c5 9. c3 cxd4 10. Nxd4 Be7 11. 0-0 Nb6 12. Bb3 0-0 13. Qe2 Re8 14. Rd1 Bd7 15. f4 e5 16. fxe5 Bg4 17. Nf3 Bc5+ 18. Kh1 Qc8 19. Nf2 Nbd7 20. Nxg4 Nxg4 21. Bxf7+ Kxf7 22. Qc4+ Kf8 23. Qxg4 Nxe5 24. Nxe5 Rxe5 25. Rf1+ Kg8 26. Qg3 Re6 27. Bf4 Qc6 28. Rae1 Rae8 29. h3 a6 30. b3 b5 31. Rxe6 Qxe6 32. Rd1 Qe2 33. Qd3 g5 1-0

[Event "SVK-chT 9596"]
[Site "Slovakia"]
[Date "1996.??.??"]
[Round "5"]
[White "Cervenka, Imrich"]
[Black "Bednar, Jaromir"]
[Result "1/2-1/2"]
[WhiteElo "2235"]
[BlackElo "2235"]
[PlyCount "27"]
[EventDate "1995.??.??"]
[EventType "team"]
[EventRounds "13"]
[EventCountry "SVK"]
[SourceTitle "EXT 1998"]
[Source "ChessBase"]
[SourceDate "1997.11.17"]
[SourceVersion "1"]
[SourceVersionDate "1997.11.17"]
[SourceQuality "1"]

1. d4 Nf6 2. c4 d6 3. Nf3 Nbd7 4. g3 e5 5. Bg2 c6 6. dxe5 dxe5 7. 0-0 Be7 8. Nc3 0-0 9. Qc2 Qc7 10. b3 Rb8 11. Bb2 b5 12. cxb5 cxb5 13. Rac1 Qb6 14. Ng5 1/2-1/2

[Event "SVK-chT 9596"]
[Site "Slovakia"]
[Date "1996.??.??"]
[Round "8"]
[White "Cervenka, Imrich"]
[Black "Petrik, Tomas"]
[Result "1/2-1/2"]
[WhiteElo "2235"]
[BlackElo "2180"]
[PlyCount "39"]
[EventDate "1995.??.??"]
[EventType "team"]
[EventRounds "13"]
[EventCountry "SVK"]
[SourceTitle "EXT 1998"]
[Source "ChessBase"]
[SourceDate "1997.11.17"]
[SourceVersion "1"]
[SourceVersionDate "1997.11.17"]
[SourceQuality "1"]

1. d4 Nf6 2. Nf3 e6 3. g3 b6 4. Bg2 Bb7 5. 0-0 Be7 6. c4 0-0 7. Nc3 Ne4 8. Qc2 Nxc3 9. Qxc3 Be4 10. Nd2 Bxg2 11. Kxg2 d6 12. Qf3 Nd7 13. b3 e5 14. Bb2 exd4 15. Bxd4 Bf6 16. Bxf6 Qxf6 17. Ne4 Qxf3+ 18. Kxf3 a5 19. Nc3 Rfc8 20. Rfc1 1/2-1/2

[Event "SVK-chT"]
[Site "Slovakia"]
[Date "1995.??.??"]
[Round "?"]
[White "Cervenka, Imrich"]
[Black "Ac, Michal"]
[Result "1/2-1/2"]
[WhiteElo "2210"]
[BlackElo "2260"]
[PlyCount "29"]
[EventDate "1995.??.??"]
[EventType "team"]
[EventRounds "13"]
[EventCountry "SVK"]
[SourceTitle "EXT 1997"]
[Source "ChessBase"]
[SourceDate "1996.11.15"]
[SourceVersion "1"]
[SourceVersionDate "1996.11.15"]
[SourceQuality "1"]

1. d4 Nf6 2. c4 g6 3. Nc3 Bg7 4. g3 0-0 5. Bg2 d6 6. Nf3 Nbd7 7. 0-0 e5 8. e3 c6 9. b3 e4 10. Nd2 d5 11. Ba3 Re8 12. Bd6 Nf8 13. Be5 Qa5 14. Qc1 Be6 15. Qb2 1/2-1/2

[Event "SVK-chT"]
[Site "Slovakia"]
[Date "1995.??.??"]
[Round "?"]
[White "Cervenka, Imrich"]
[Black "Biro, Karol"]
[Result "1/2-1/2"]
[WhiteElo "2210"]
[BlackElo "2235"]
[PlyCount "42"]
[EventDate "1995.??.??"]
[EventType "team"]
[EventRounds "13"]
[EventCountry "SVK"]
[SourceTitle "EXT 1997"]
[Source "ChessBase"]
[SourceDate "1996.11.15"]
[SourceVersion "1"]
[SourceVersionDate "1996.11.15"]
[SourceQuality "1"]

1. d4 c6 2. Nf3 Nf6 3. c4 d5 4. cxd5 cxd5 5. Nc3 e6 6. Bf4 Be7 7. e3 0-0 8. Bd3 Qb6 9. Qe2 Bd7 10. Ne5 Rc8 11. Nxd7 Nbxd7 12. 0-0 a6 13. Rfc1 Qa5 14. h3 Rc6 15. a3 Rac8 16. Na2 b5 17. Rxc6 Rxc6 18. Rc1 Qb6 19. Rxc6 Qxc6 20. a4 bxa4 21. Bxa6 a3 1/2-1/2

[Event "SVK-chT"]
[Site "Slovakia"]
[Date "1995.??.??"]
[Round "?"]
[White "Cervenka, Imrich"]
[Black "Pcola, Pavol"]
[Result "0-1"]
[WhiteElo "2210"]
[BlackElo "2300"]
[PlyCount "82"]
[EventDate "1995.??.??"]
[EventType "team"]
[EventRounds "13"]
[EventCountry "SVK"]
[SourceTitle "EXT 1997"]
[Source "ChessBase"]
[SourceDate "1996.11.15"]
[SourceVersion "1"]
[SourceVersionDate "1996.11.15"]
[SourceQuality "1"]

1. d4 d5 2. c4 c6 3. Nf3 Nf6 4. Nc3 e6 5. cxd5 exd5 6. Bf4 Bf5 7. e3 Bd6 8. Bg3 Ne4 9. Bd3 0-0 10. Bxe4 Bxe4 11. Nxe4 dxe4 12. Nd2 Re8 13. Qc2 Bb4 14. Bxb8 Rxb8 15. 0-0-0 Qd5 16. Kb1 a5 17. a3 Bd6 18. Rc1 Re6 19. Rhd1 Bf8 20. Nc4 Qd8 21. f3 exf3 22. gxf3 a4 23. e4 b5 24. Ne5 Rb6 25. f4 b4 26. axb4 Bxb4 27. Qxa4 Bf8 28. f5 Rh6 29. Rxc6 Qe8 30. Rdc1 Rxh2 31. Qa2 Rbxb2+ 32. Qxb2 Rxb2+ 33. Kxb2 f6 34. Nf3 Qxe4 35. R1c3 Qxf5 36. Rc8 h5 37. Rd8 Qb5+ 38. Kc2 Kf7 39. d5 Be7 40. Ra8 Qxd5 41. Ra7 Qe4+ 0-1

[Event "SVK-chT"]
[Site "Slovakia"]
[Date "1994.??.??"]
[Round "?"]
[White "Cervenka, Imrich"]
[Black "Golod, Vitali"]
[Result "0-1"]
[WhiteElo "2245"]
[BlackElo "2490"]
[PlyCount "110"]
[EventDate "1994.??.??"]
[EventType "team"]
[EventRounds "13"]
[EventCountry "SVK"]
[SourceTitle "TD"]
[Source "ChessBase"]
[SourceDate "1994.03.01"]
[SourceVersion "1"]
[SourceVersionDate "1994.03.01"]
[SourceQuality "1"]

1. d4 Nf6 2. c4 g6 3. Nc3 Bg7 4. Nf3 0-0 5. g3 c6 6. Bg2 d6 7. 0-0 Nbd7 8. Bg5 e5 9. d5 h6 10. dxc6 bxc6 11. Bxf6 Nxf6 12. c5 e4 13. Nd4 dxc5 14. Nxc6 Qc7 15. Qa4 Re8 16. Na5 Bd7 17. Qa3 c4 18. Rac1 Bf8 19. b4 cxb3 20. Nxe4 Qe5 21. Nxf6+ Qxf6 22. Qxb3 Rab8 23. Qf3 Qxf3 24. Bxf3 Rb2 25. Rc7 Bh3 26. Ra1 Bg7 27. Nc4 Rbxe2 28. Bxe2 Bxa1 29. Ne3 Bd4 30. Bc4 Be6 31. Nd5 Kh8 32. Nf4 Be5 33. Nxe6 Bxc7 34. Nxc7 Re1+ 35. Bf1 Ra1 36. Kg2 Rxa2 37. Nd5 a5 38. Ne3 Kg7 39. Bc4 Rb2 40. Kf3 a4 41. h4 a3 42. Bd5 a2 43. Bxa2 Rxa2 44. Ng2 f5 45. Ne3 Kf6 46. Nd5+ Ke5 47. Ne3 Ra4 48. Ng2 Ra3+ 49. Ne3 Rb3 50. Kg2 Ke4 51. Nf1 Rb2 52. Ne3 f4 53. Nc4 f3+ 54. Kg1 Rb1+ 55. Kh2 Kd3 0-1

[Event "SVK-chT"]
[Site "Slovakia"]
[Date "1994.??.??"]
[Round "?"]
[White "Cervenka, Imrich"]
[Black "Horvath, Mario"]
[Result "0-1"]
[WhiteElo "2245"]
[BlackElo "2215"]
[PlyCount "50"]
[EventDate "1994.??.??"]
[EventType "team"]
[EventRounds "13"]
[EventCountry "SVK"]
[SourceTitle "TD"]
[Source "ChessBase"]
[SourceDate "1994.03.01"]
[SourceVersion "1"]
[SourceVersionDate "1994.03.01"]
[SourceQuality "1"]

1. d4 d5 2. c4 c6 3. Nf3 Nf6 4. Nc3 dxc4 5. a4 Na6 6. e3 Bg4 7. Bxc4 e6 8. h3 Bh5 9. 0-0 Bb4 10. Qe2 Nc7 11. Rd1 Ncd5 12. Bd2 Bxc3 13. Bxc3 Nxc3 14. bxc3 Qa5 15. Rdc1 0-0 16. Qb2 Bxf3 17. gxf3 Rab8 18. f4 Rfc8 19. Be2 Qd5 20. Bf1 c5 21. Bg2 Qd7 22. a5 g6 23. Rcb1 cxd4 24. cxd4 Rc7 25. Qb5 Rc1+ 0-1

[Event "SVK-chT"]
[Site "Slovakia"]
[Date "1994.??.??"]
[Round "13"]
[White "Likavsky, Tomas"]
[Black "Cervenka, Imrich"]
[Result "1/2-1/2"]
[WhiteElo "2240"]
[BlackElo "2245"]
[PlyCount "40"]
[EventDate "1994.??.??"]
[EventType "team"]
[EventRounds "13"]
[EventCountry "SVK"]
[SourceTitle "TD"]
[Source "ChessBase"]
[SourceDate "1994.03.01"]
[SourceVersion "1"]
[SourceVersionDate "1994.03.01"]
[SourceQuality "1"]

1. d4 Nf6 2. c4 e6 3. Nf3 d5 4. Nc3 Be7 5. cxd5 exd5 6. Bf4 0-0 7. e3 c5 8. Be2 Nc6 9. 0-0 Ne4 10. Rc1 Nxc3 11. Rxc3 c4 12. Ne5 Nxe5 13. dxe5 b5 14. Qd4 Bb7 15. Bf3 Qb6 16. Rc2 Bc5 17. Qd2 Rfd8 18. Qe2 d4 19. exd4 Bxf3 20. Qxf3 Bxd4 1/2-1/2

[Event "Tirnavia-B"]
[Site "Trnava"]
[Date "1987.??.??"]
[Round "13"]
[White "Blatny, Pavel"]
[Black "Cervenka, Imrich"]
[Result "1-0"]
[WhiteElo "2405"]
[BlackElo "2250"]
[PlyCount "51"]
[EventDate "1987.03.??"]
[EventType "tourn"]
[EventRounds "13"]
[EventCountry "CSR"]
[EventCategory "4"]
[SourceTitle "EXT 1999"]
[Source "ChessBase"]
[SourceDate "1998.11.16"]
[SourceVersion "1"]
[SourceVersionDate "1998.11.16"]
[SourceQuality "1"]

1. e4 c6 2. d4 d5 3. e5 Bf5 4. h4 h5 5. c4 dxc4 6. Bxc4 e6 7. Nc3 Be7 8. Nf3 Bg4 9. Bg5 Nh6 10. Qd2 Bxf3 11. gxf3 Nf5 12. 0-0-0 Nd7 13. Bd3 Nxh4 14. Bxh4 Bxh4 15. Rdg1 Nf8 16. Qf4 g5 17. Qe3 f5 18. exf6 Qb6 19. f4 0-0-0 20. Ne2 c5 21. fxg5 cxd4 22. Qf4 Ng6 23. Bxg6 d3 24. Qxh4 dxe2 25. Qc4+ Kb8 26. Qxe2 1-0

[Event "Tirnavia-B"]
[Site "Trnava"]
[Date "1987.??.??"]
[Round "4"]
[White "Hoi, Carsten"]
[Black "Cervenka, Imrich"]
[Result "1-0"]
[WhiteElo "2355"]
[BlackElo "2250"]
[PlyCount "35"]
[EventDate "1987.03.??"]
[EventType "tourn"]
[EventRounds "13"]
[EventCountry "CSR"]
[EventCategory "4"]
[SourceTitle "EXT 1999"]
[Source "ChessBase"]
[SourceDate "1998.11.16"]
[SourceVersion "1"]
[SourceVersionDate "1998.11.16"]
[SourceQuality "1"]

1. d4 d5 2. c4 dxc4 3. Nf3 Nf6 4. e3 e6 5. Bxc4 c5 6. 0-0 a6 7. Nc3 b5 8. Bb3 cxd4 9. exd4 Bb7 10. d5 Nxd5 11. Nxd5 Bxd5 12. Bxd5 Qxd5 13. Qxd5 exd5 14. Re1+ Be7 15. Bf4 Nc6 16. Rac1 Rc8 17. Nd4 Na7 18. Nf5 1-0

[Event "Tirnavia-B"]
[Site "Trnava"]
[Date "1986.??.??"]
[Round "12"]
[White "Cervenka, Imrich"]
[Black "Drtina, Milan"]
[Result "0-1"]
[WhiteElo "2250"]
[BlackElo "2290"]
[PlyCount "68"]
[EventDate "1986.03.??"]
[EventType "tourn"]
[EventRounds "12"]
[EventCountry "CSR"]
[EventCategory "3"]
[SourceTitle "EXT 1998"]
[Source "ChessBase"]
[SourceDate "1997.11.17"]
[SourceVersion "1"]
[SourceVersionDate "1997.11.17"]
[SourceQuality "1"]

1. d4 Nf6 2. Nf3 e6 3. c4 d5 4. Nc3 Be7 5. Bg5 c6 6. e3 Nbd7 7. Rc1 h6 8. Bh4 0-0 9. Bd3 Ne8 10. Bg3 Nd6 11. cxd5 exd5 12. 0-0 f5 13. Ne5 Qe8 14. Nxd7 Qxd7 15. Qh5 Qe6 16. Be5 Nf7 17. f4 g6 18. Qe2 Bd7 19. h3 Nxe5 20. fxe5 Bg5 21. e4 Bxc1 22. exd5 cxd5 23. Rxc1 Rac8 24. Rf1 Kg7 25. Qf3 Qb6 26. Ne2 Be6 27. Kh2 g5 28. b3 f4 29. Qh5 Bf7 30. Qg4 Be6 31. Qh5 Bf5 32. Bxf5 Rxf5 33. Nxf4 Rcf8 34. e6 gxf4 0-1

[Event "Tirnavia-B"]
[Site "Trnava"]
[Date "1986.??.??"]
[Round "5"]
[White "Cervenka, Imrich"]
[Black "Karlik, Vladimir"]
[Result "0-1"]
[WhiteElo "2250"]
[BlackElo "2310"]
[PlyCount "54"]
[EventDate "1986.03.??"]
[EventType "tourn"]
[EventRounds "12"]
[EventCountry "CSR"]
[EventCategory "3"]
[SourceTitle "EXT 1998"]
[Source "ChessBase"]
[SourceDate "1997.11.17"]
[SourceVersion "1"]
[SourceVersionDate "1997.11.17"]
[SourceQuality "1"]

1. d4 Nf6 2. c4 g6 3. Nc3 Bg7 4. e4 d6 5. Be2 0-0 6. Nf3 e5 7. 0-0 Nbd7 8. Qc2 c6 9. b4 exd4 10. Nxd4 Qb6 11. Be3 Qxb4 12. Nb3 Nc5 13. f4 Nxb3 14. axb3 Ng4 15. Bxg4 Qxc3 16. Qxc3 Bxc3 17. Bxc8 Rfxc8 18. Rxa7 Rxa7 19. Bxa7 c5 20. Rd1 Bd4+ 21. Kh1 Re8 22. g3 Rxe4 23. b4 Re2 24. b5 Kf8 25. Rc1 Ke7 26. Bb6 Ke6 27. Ba5 Kf5 0-1

[Event "Tirnavia-B"]
[Site "Trnava"]
[Date "1986.??.??"]
[Round "6"]
[White "Cervenka, Imrich"]
[Black "Ksieski, Zbigniew"]
[Result "0-1"]
[WhiteElo "2250"]
[BlackElo "2385"]
[PlyCount "94"]
[EventDate "1986.03.??"]
[EventType "tourn"]
[EventRounds "12"]
[EventCountry "CSR"]
[EventCategory "3"]
[SourceTitle "EXT 1998"]
[Source "ChessBase"]
[SourceDate "1997.11.17"]
[SourceVersion "1"]
[SourceVersionDate "1997.11.17"]
[SourceQuality "1"]

1. d4 Nf6 2. c4 e6 3. Nf3 b6 4. g3 Bb4+ 5. Bd2 a5 6. Bg2 Bb7 7. 0-0 0-0 8. Nc3 Ne4 9. Qc2 f5 10. Ne5 Nxd2 11. Bxb7 Ra7 12. Qxd2 Rxb7 13. d5 Qf6 14. f4 d6 15. Nf3 Nd7 16. Ng5 Bxc3 17. Qxc3 exd5 18. Qf3 Qd4+ 19. e3 Qxc4 20. b3 Qb5 21. a4 Qc6 22. Rac1 Nc5 23. Ne6 Rfb8 24. Nd4 Qd7 25. Qxd5+ Qf7 26. Qxf7+ Kxf7 27. Rc3 g6 28. Nc6 Ra8 29. Nd4 Rbb8 30. Kg2 Re8 31. h3 h5 32. g4 hxg4 33. hxg4 fxg4 34. Rh1 Rh8 35. Rcc1 Ke7 36. e4 Kd7 37. f5 g5 38. Ne6 Nxe6 39. fxe6+ Kxe6 40. Rxh8 Rxh8 41. Rxc7 Rh3 42. b4 Ra3 43. bxa5 bxa5 44. Rg7 Rxa4 45. Rxg5 Rxe4 46. Rxa5 d5 47. Kg3 Ke5 0-1

[Event "Tirnavia-B"]
[Site "Trnava"]
[Date "1986.??.??"]
[Round "3"]
[White "Cervenka, Imrich"]
[Black "Stratil, Ladislav Jr"]
[Result "1/2-1/2"]
[WhiteElo "2250"]
[BlackElo "2320"]
[PlyCount "68"]
[EventDate "1986.03.??"]
[EventType "tourn"]
[EventRounds "12"]
[EventCountry "CSR"]
[EventCategory "3"]
[SourceTitle "EXT 1998"]
[Source "ChessBase"]
[SourceDate "1997.11.17"]
[SourceVersion "1"]
[SourceVersionDate "1997.11.17"]
[SourceQuality "1"]

1. d4 Nf6 2. c4 e6 3. Nc3 Bb4 4. Qc2 c5 5. e3 Nc6 6. Nf3 cxd4 7. exd4 d5 8. Bd3 dxc4 9. Bxc4 0-0 10. Be3 b6 11. 0-0 Bb7 12. Rfd1 Na5 13. Bd3 Rc8 14. Rac1 h6 15. Qe2 Qe7 16. Ne5 Rfd8 17. Nb5 a6 18. Na7 Rxc1 19. Rxc1 Ra8 20. Nac6 Nxc6 21. Nxc6 Qf8 22. Nxb4 Qxb4 23. Rc7 Bd5 24. a3 Qa4 25. h3 b5 26. Qd2 Be4 27. Bxe4 Nxe4 28. Qe2 Qa5 29. Qc2 Nf6 30. Qc6 Rf8 31. Ra7 Nd5 32. Qc1 Qb6 33. Qc5 Qa5 34. Qc1 Qb6 1/2-1/2

[Event "SVK-ch"]
[Site "Piestany"]
[Date "1985.??.??"]
[Round "9"]
[White "Cervenka, Imrich"]
[Black "Banas, Jan"]
[Result "1/2-1/2"]
[WhiteElo "2310"]
[BlackElo "2390"]
[PlyCount "83"]
[EventDate "1985.??.??"]
[EventType "tourn"]
[EventRounds "13"]
[EventCountry "CSR"]
[EventCategory "1"]
[SourceTitle "MCD"]
[Source "ChessBase"]
[SourceDate "1999.07.01"]
[SourceVersion "1"]
[SourceVersionDate "1999.07.01"]
[SourceQuality "1"]

1. d4 d6 2. e4 Nf6 3. Nc3 g6 4. Nf3 Bg7 5. Be2 0-0 6. 0-0 Na6 7. Re1 c5 8. d5 Nc7 9. a4 b6 10. Bc4 Bg4 11. h3 Bxf3 12. Qxf3 Nd7 13. Qg3 a6 14. Qh4 Rb8 15. Bh6 b5 16. Bxg7 Kxg7 17. axb5 axb5 18. Bf1 Nf6 19. Qg3 b4 20. Nb1 Ra8 21. Nd2 Rxa1 22. Rxa1 Qd7 23. Qb3 Ra8 24. Rxa8 Nxa8 25. c3 bxc3 26. bxc3 Qa7 27. Qb2 Nb6 28. Bb5 Qa5 29. c4 Qb4 30. Qxb4 cxb4 31. f3 Nfd7 32. Bxd7 Nxd7 33. Kf2 Nc5 34. Ke3 f6 35. Nf1 Kf7 36. Kd2 Ke8 37. Ne3 Kd7 38. Nc2 b3 39. Nd4 b2 40. Kc2 Nd3 41. g3 g5 42. Kb1 1/2-1/2

[Event "SVK-ch"]
[Site "Piestany"]
[Date "1985.??.??"]
[Round "1"]
[White "Cervenka, Imrich"]
[Black "Franzen, Jozef"]
[Result "1/2-1/2"]
[WhiteElo "2310"]
[BlackElo "2355"]
[PlyCount "33"]
[EventDate "1985.??.??"]
[EventType "tourn"]
[EventRounds "13"]
[EventCountry "CSR"]
[EventCategory "1"]
[SourceTitle "MCD"]
[Source "ChessBase"]
[SourceDate "1999.07.01"]
[SourceVersion "1"]
[SourceVersionDate "1999.07.01"]
[SourceQuality "1"]

1. d4 Nf6 2. c4 e6 3. Nf3 d5 4. Nc3 Be7 5. Bf4 0-0 6. e3 b6 7. Rc1 c5 8. a3 Bb7 9. cxd5 exd5 10. Ne5 Nc6 11. Bb5 Rc8 12. Qa4 Nxe5 13. dxe5 Nh5 14. Qxa7 Nxf4 15. Qxb7 Rb8 16. Qc6 Rc8 17. Qb7 1/2-1/2